[Event "31. DSenEM2019 Gruppe 65+"]
[Site "Radebeul"]
[Date "2019.04.26"]
[Round "1.48"]
[White "Kundt, Günther"]
[Black "Kreutzkamp, Hans-Rudolf"]
[Result "0-1"]
[BlackElo "2068"]
[BlackTeam "SK Union Eimsbuettel"]
[EventDate "2019.??.??"]
[PlyCount "0"]
[WhiteElo "1736"]
[WhiteTeam "SSC Graal-Müritz"]

1. d4 Nf6 2. c4 e6 3. Nf3 b6 4. Bg5 Be7 5. e3 Bb7 6. Be2 O-O 7. O-O $155 d5
8. cxd5 Bxd5 9. Nc3 Bb7 10. Ne5 Nbd7 11. Bf3 Bxf3 12. Nxf3 c5 13. Qe2 h6 14.
Bh4 Nd5 15. Bxe7 Nxc3 16. bxc3 Qxe7 17. Rfd1 Rfc8 18. d5 exd5 19. Rxd5 Nf6 20.
Rd3 Ne4 21. Rad1 c4 22. Rd7 Qf6 23. R1d4 Nc5 24. R7d6 Qe7 25. Qd1 b5 26. R6d5
Ne6 27. Rd2 a6 28. Nd4 Rc7 29. Nxe6 Qxe6 30. Qc2 g6 31. Rd6 Qe7 32. R2d4 Kg7
33. h4 h5 34. g3 a5 35. Qe4 Qxe4 36. Rxe4 b4 37. Rb6 Rd8 38. Rd4 Rxd4 39. exd4
bxc3 40. Rb1 Rd7 41. Rc1 Rxd4 42. Rxc3 Kf6 43. Kf1 Ke5 44. Ke2 Re4+ 45. Kd2 Kd4
46. f3 Re5 47. Ra3 g5 48. hxg5 Rxg5 49. f4 Rg4 50. Rxa5 Rxg3 51. Rxh5 Rg2+ 52.
Kc1 Rxa2 53. Rh3 f5 54. Rh5 Ke4 55. Rh8 Rf2 56. Rc8 Kd3 57. Rd8+ Kc3  0-1

[Event "31. DSenEM2019 Gruppe 65+"]
[Site "Radebeul"]
[Date "2019.04.26"]
[Round "1.49"]
[White "Molzahn, Norbert"]
[Black "Kurpiela, Franz"]
[Result "1-0"]
[BlackElo "1731"]
[BlackTeam "TSG Öhringen"]
[EventDate "2019.??.??"]
[PlyCount "0"]
[WhiteElo "2068"]
[WhiteTeam "SV Motor Hainichen"]

1. d4 Nf6 2. c4 e6 3. Nf3 d5 4. Nc3 Bb4 5. Bg5 O-O $155 6. e3 h6 7. Bh4
Nbd7 8. Bd3 dxc4 9. Bxc4 Bxc3+ 10. bxc3 c6 11. O-O $155 Qa5 12. Qc2 b6 13.
Bg3 Bb7 14. Rfd1 Rfe8 15. e4 Rac8 16. Rac1 Nf8 17. Be5 N8d7 18. Bd6 b5 19. Bd3
Nf8 20. Nd2 Qd8 21. Bc5 a6 22. a4 N8d7 23. Ba3 Nb6 24. a5 Na8 25. Bb4 e5 26.
Nb3 Qc7 27. Nc5 Rcd8 28. Qb2 Bc8 29. f3 Nd7 30. Nxd7 Rxd7 31. Bc2 Qa7 32. Bb3
Red8 33. Bc5 Qc7 34. Qa2 g6 35. Rd2 exd4 36. cxd4 Qf4 37. d5 Bb7 38. Rcd1 cxd5
39. exd5 Rc8 40. Bf2 Rc3 41. Rd4 Qg5 42. Rg4 Qd8 43. h4 h5 44. Rf4 Qc8 45. d6
Rc1 46. Bxf7+ Kh7 47. Bb3 Bd5 48. Rd4 Bxb3 49. Qxb3 Rxd1+ 50. Rxd1 Qd8 51. Qd5
Qc8 52. Re1 Nc7 53. Qc6 b4 54. Bb6 b3 55. Bxc7 b2 56. Qb6 Qh8 57. Rb1 Qc3 58.
Qxb2 Qc4 59. Qf2 Qd3 60. Re1  1-0

[Event "31. DSenEM2019 Gruppe 65+"]
[Site "Radebeul"]
[Date "2019.04.26"]
[Round "1.50"]
[White "Lichtblau, Ernst"]
[Black "Boeven, Manfred"]
[Result "0-1"]
[BlackElo "2066"]
[BlackTeam "SF Geilenkirchen"]
[EventDate "2019.??.??"]
[PlyCount "66"]
[WhiteElo "1729"]
[WhiteTeam "Brühler SK"]

1. Nf3 d5 2. b3 Nc6 3. Bb2 Bg4 4. h3 Bxf3 5. exf3 e5 6. Bb5 Qg5 7. O-O Bd6 8.
Re1 Ne7 9. d3 O-O 10. Qd2 Qh4 11. Bxc6 Nxc6 12. Nc3 d4 13. Ne4 Be7 14. a4 f5
15. Ng3 Bb4 16. c3 dxc3 17. Bxc3 Bc5 18. Nh1 Rad8 19. b4 Nxb4 20. Bxb4 Bxb4 21.
Qa2+ Kh8 22. Rxe5 Bc3 23. Rb5 Bxa1 24. Qxa1 Rxd3 25. Ng3 Rfd8 26. Qe5 Rd1+ 27.
Kh2 Qd4 28. Qxf5 Qxf2 29. Nh5 R1d2 30. Qg4 Qd4 31. Qg5 Qd6+ 32. Re5 Qg6 33.
Re8+ Rxe8  0-1

[Event "31. DSenEM2019 Gruppe 65+"]
[Site "Radebeul"]
[Date "2019.04.26"]
[Round "1.51"]
[White "Eskandary, Jahya"]
[Black "Gabriel, Rolf"]
[Result "1-0"]
[BlackElo "1726"]
[BlackTeam "SV Ottendorf-Okrilla"]
[EventDate "2019.??.??"]
[PlyCount "81"]
[WhiteElo "2062"]
[WhiteTeam "SV Lok Dresden"]

1. e4 e6 2. d4 d5 3. Nd2 c5 4. dxc5 Bxc5 5. Nb3 Be7 6. exd5 exd5 7. Bd3 Nf6 8.
Nf3 Nc6 9. c3 O-O 10. O-O Qc7 11. h3 Be6 12. Nbd4 Nxd4 13. Nxd4 Bc5 14. Be3 a6
15. Re1 Rae8 16. Qf3 Nd7 17. Qh5 g6 18. Qh4 Be7 19. Bg5 Bxg5 20. Qxg5 Nc5 21.
Bc2 Qd6 22. Rad1 b5 23. Re3 Bd7 24. Nf3 Bc6 25. Qh6 Ne6 26. h4 Qf4 27. Qxf4
Nxf4 28. Rxe8 Rxe8 29. Nd4 Ne2+ 30. Kf1 Nxd4 31. Rxd4 Re5 32. f4 Re6 33. Kf2 f5
34. g3 Kf7 35. Bb3 Rd6 36. Rd2 Kf6 37. Ke3 a5 38. Kd4 Ke7 39. Kc5 a4 40. Bxd5
Kd7 41. Be6+  1-0

[Event "31. DSenEM2019 Gruppe 65+"]
[Site "Radebeul"]
[Date "2019.04.26"]
[Round "1.52"]
[White "Peter, Volkhard"]
[Black "Steingrobe, Udo"]
[Result "0-1"]
[Annotator "lenovo"]
[BlackElo "2056"]
[BlackTeam "Schachfüchse Kempen"]
[EventDate "2019.??.??"]
[PlyCount "48"]
[WhiteElo "1723"]
[WhiteTeam "SV Einheit Schwerin"]

1. e4 c5 2. d4 cxd4 3. c3 d6 4. cxd4 Nf6 5. Nc3 g6 6. Bg5 Bg7 7. e5 dxe5 8. dxe5
Nfd7 9. Nd5 Nc6 10. f4 O-O 11. Nf3 f6 12. exf6 exf6 13. Bh4 Nc5 14. Bc4 Re8+
15. Kf1 { ( = )}  15... Be6 16. Ne3 Bxc4+ 17. Nxc4 Re4 18. Nd6 Re6 19. Nc4 Nd3
20. Qd2 Qd5 21. b3 Rd8 22. Ne3 Qe4 23. Nc4 Nxf4 24. Qe1 Qd3+  0-1

[Event "31. DSenEM2019 Gruppe 65+"]
[Site "Radebeul"]
[Date "2019.04.26"]
[Round "1.53"]
[White "Lomer, Edmund"]
[Black "Krüger, Bernhard"]
[Result "1/2-1/2"]
[BlackElo "1717"]
[BlackTeam "SC Grunbach"]
[EventDate "2019.??.??"]
[PlyCount "73"]
[WhiteElo "2053"]
[WhiteTeam "Eckernförder SC"]

1. Nf3 Nf6 2. g3 g6 3. Bg2 Bg7 4. d4 c6 5. O-O O-O 6. c4 d5 7. cxd5 Nxd5 8. e4
Nb6 9. Nc3 Bg4 10. e5 e6 11. Ne4 Qc7 12. Bg5 Nd5 13. Rc1 Nd7 14. Qd2 Bxf3 15.
Bxf3 f6 16. exf6 N7xf6 17. Nc5 Rae8 18. Rfe1 Qc8 19. Bg2 b6 20. Nd3 Nd7 21.
Rxe6 Qa6 22. Rexc6 N5f6 23. b3 Ne4 24. Bxe4 Rxe4 25. Be3 Rfe8 26. Rc7 Nf6 27.
Nb4 Qa5 28. Nd3 Qf5 29. Qc2 Ng4 30. Re1 Nxe3 31. fxe3 Rxe3 32. Rd1 Rf3 33. Nf4
Rxf4 34. gxf4 Qg4+ 35. Kh1 Qf3+ 36. Kg1 Qg4+ 37. Kh1  1/2-1/2

[Event "31. DSenEM2019 Gruppe 65+"]
[Site "Radebeul"]
[Date "2019.04.26"]
[Round "1.54"]
[White "Baensch, Frank"]
[Black "Schulz, Wolfgang"]
[Result "1/2-1/2"]
[Annotator "lenovo"]
[BlackElo "2048"]
[BlackTeam "Hamburger SK"]
[EventDate "2019.??.??"]
[PlyCount "94"]
[WhiteElo "1713"]
[WhiteTeam "Schach macht fit"]

1. d4 Nf6 2. c4 g6 3. Nc3 Bg7 4. e4 d6 5. h3 O-O 6. Bf4 Nbd7 7. Nf3 Re8 8. Bd3
e5 9. Bg5 c6 10. b4 Qb6 11. a3 exd4 12. Na4 Qc7 13. Qc2 Nxe4 14. O-O Nxg5 15.
Nxg5 Ne5 16. Rae1 Qd8 17. Ne4 Nxd3 18. Qxd3 Bf5 19. Qf3 Qd7 20. Nb2 Re7 21. Re2
Rae8 22. Rfe1 Bxe4 23. Rxe4 Rxe4 24. Rxe4 Rxe4 25. Qxe4 Qe6 26. Qb1 f5 27. Qf1
Bh6 28. a4 Qe4 29. c5 Qd5 30. Qc4 dxc5 31. Qxd5+ cxd5 32. bxc5 Kf7 33. Kf1 Bf8
34. Nd3 Ke6 35. Ke2 g5 36. g3 Be7 37. Kf3 Bf6 38. Ke2 a5 39. Nc1 Kd7 40. Kd3
Kc6 41. Nb3 b6 42. cxb6 Kxb6 43. f3 h6 44. g4 { ( = )}  44... f4 45. Ke2 Kc6
46. Kd3 Kb6 47. Ke2 Kc6 { ( = )}   1/2-1/2

[Event "31. DSenEM2019 Gruppe 65+"]
[Site "Radebeul"]
[Date "2019.04.26"]
[Round "1.55"]
[White "Selig, Rainer"]
[Black "Pöltelt, Helmut"]
[Result "1-0"]
[BlackElo "1711"]
[BlackTeam "SC Eintracht Berlin"]
[EventDate "2019.??.??"]
[PlyCount "89"]
[WhiteElo "2048"]
[WhiteTeam "SpV Ebersbach/SA"]

1. Nf3 f5 2. d4 Nf6 3. g3 g6 4. Bg2 Bg7 5. c3 c6 6. O-O O-O 7. Nbd2 d6 8. Ng5
Qe8 9. Qb3+ Kh8 10. Ne6 Bxe6 11. Qxe6 Qd7 12. Qb3 e5 13. dxe5 dxe5 14. e4 fxe4
15. Nxe4 Nxe4 16. Bxe4 Na6 17. Be3 Qf7 18. Rfd1 Qxb3 19. axb3 Kg8 20. Bxc6 bxc6
21. Rxa6 Rfc8 22. Rd7 Bf8 23. b4 h6 24. Raxa7 Rxa7 25. Rxa7 Bd6 26. Bxh6 Rc7
27. Rxc7 Bxc7 28. Kg2 Kf7 29. Kf3 Ke6 30. Ke4 Bb6 31. Be3 Bc7 32. h4 Bd8 33. c4
Be7 34. Bc5 Bf6 35. b5 cxb5 36. cxb5 Kd7 37. Kd5 Kc7 38. Ke6 Bh8 39. b4 e4 40.
Kf7 Bc3 41. Kxg6 Bd2 42. h5 e3 43. fxe3 Be1 44. g4 Bg3 45. h6  1-0

[Event "31. DSenEM2019 Gruppe 65+"]
[Site "Radebeul"]
[Date "2019.04.26"]
[Round "1.56"]
[White "Narr, Irmgard"]
[Black "Westphal, Norbert"]
[Result "0-1"]
[BlackElo "2048"]
[BlackTeam "BSV Chemie Radebeul"]
[EventDate "2019.??.??"]
[PlyCount "64"]
[WhiteElo "1708"]
[WhiteTeam "SC Mühlhof-Reichelsdorf"]

1. e4 e5 2. Nf3 Nc6 3. Nc3 Nf6 4. Bc4 Bc5 5. a3 a5 6. O-O O-O 7. Re1 d6 8. d3
Bg4 9. Be3 Nd4 10. Bxd4 Bxd4 11. h3 Bxf3 12. Qxf3 c6 13. Nd1 g6 14. c3 Ba7 15.
b4 axb4 16. axb4 Bxf2+ 17. Qxf2 Rxa1 18. Qb2 Qb6+ 19. Kh2 Qa7 20. Rf1 Kg7 21.
Qd2 b5 22. Bb3 Nh5 23. g3 Qa3 24. Bc2 Qc1 25. Qe2 Qg5 26. Rf3 f5 27. Qf2 f4 28.
g4 Ng3 29. d4 h5 30. gxh5 Rh8 31. hxg6 Rxh3+ 32. Kxh3 Qh5+  0-1

[Event "31. DSenEM2019 Gruppe 65+"]
[Site "Radebeul"]
[Date "2019.04.26"]
[Round "1.57"]
[White "Zunker, Reinhard"]
[Black "Ritter, Fred"]
[Result "1-0"]
[BlackElo "1706"]
[BlackTeam "BSV Chemie Radebeul"]
[EventDate "2019.??.??"]
[PlyCount "86"]
[WhiteElo "2046"]
[WhiteTeam "SV Hofheim"]

1. e4 e5 2. Nf3 Nc6 3. c3 d5 4. Qa4 dxe4 5. Nxe5 Qd5 6. Nxc6 bxc6 7. Bc4 Qd6 8.
b3 Nf6 9. Ba3 Qd7 10. Bxf8 Rxf8 11. Na3 Qd6 12. Be2 Bd7 13. Nc4 Qe6 14. Qa5 Nd5
15. Ne3 Qd6 16. g3 f5 17. f4 g6 18. Nc4 Qf6 19. Ne5 Qd6 20. a3 Nb6 21. Rd1 Qd5
22. Qxd5 cxd5 23. d4 a6 24. c4 dxc4 25. bxc4 Ba4 26. Rd2 Ke7 27. Kf2 Rf6 28.
Rb1 a5 29. Ke3 Rd8 30. g4 Nd7 31. c5 Nxe5 32. fxe5 Rff8 33. d5 Rb8 34. Rdb2
Rxb2 35. Rxb2 Rd8 36. Kd4 Bc6 37. d6+ cxd6 38. cxd6+ Kd7 39. gxf5 gxf5 40. Bc4
f4 41. Kc5 Re8 42. e6+ Rxe6 43. Bxe6+ Kxe6  1-0

[Event "31. DSenEM2019 Gruppe 65+"]
[Site "Radebeul"]
[Date "2019.04.26"]
[Round "1.58"]
[White "Raitza, Egon"]
[Black "Vasiljev, Jurij"]
[Result "1/2-1/2"]
[Annotator "lenovo"]
[BlackElo "2042"]
[BlackTeam "SF Moers"]
[EventDate "2019.??.??"]
[PlyCount "62"]
[WhiteElo "1704"]
[WhiteTeam "SSC Rostock"]

1. d4 d5 2. c4 c6 3. Nf3 Nf6 4. Nc3 e6 5. Bg5 Nbd7 6. cxd5 exd5 7. e3 Bd6 8. Bd3
h6 9. Bh4 O-O 10. O-O Re8 11. Rc1 b5 12. Qc2 Bb7 13. e4 dxe4 14. Nxe4 Be7 15.
Rfe1 Qb6 16. Bg3 Nd5 17. a3 a5 18. Nd6 Bxd6 19. Bxd6 Rad8 20. Ne5 N7f6 21. Qc5
Qxc5 22. Bxc5 g6 23. g3 Re6 24. Re2 Nd7 25. Nxd7 Rxe2 26. Bxe2 Rxd7 27. Bf3 f5
28. Re1 Kf7 29. Bxd5+ cxd5 30. Re5 a4 31. f4 Bc6 { ( = )}   1/2-1/2

[Event "31. DSenEM2019 Gruppe 65+"]
[Site "Radebeul"]
[Date "2019.04.26"]
[Round "1.59"]
[White "Walther, Reinhard"]
[Black "Nowack, Achim"]
[Result "1-0"]
[BlackElo "1696"]
[BlackTeam "SK Kaltenkirchen"]
[EventDate "2019.??.??"]
[PlyCount "66"]
[WhiteElo "2042"]
[WhiteTeam "SK Herzogenaurach"]

1. d4 c5 2. d5 d6 3. e4 e5 4. Nc3 Be7 5. Be2 Bg5 6. Bxg5 Qxg5 7. Nf3 Qe7 8. Qd2
Bd7 9. O-O Nh6 10. Ne1 O-O 11. f4 f5 12. fxe5 Qxe5 13. Nf3 Qe7 14. Rae1 Rf6 15.
Bd3 Qf8 16. e5 dxe5 17. Nxe5 Be8 18. Nb5 Na6 19. a3 c4 20. Bxc4 Bxb5 21. Nd7
Bxd7 22. d6+ Kh8 23. Re7 Nc5 24. Qd5 Bc6 25. Qxc5 Be4 26. Be6 Bc6 27. Rd1 Rd8
28. b4 Be4 29. Qc7 Rxe6 30. Rxe6 Rc8 31. Qe7 Qxe7 32. dxe7 Rxc2 33. e8=Q+ Ng8 
1-0

[Event "31. DSenEM2019 Gruppe 65+"]
[Site "Radebeul"]
[Date "2019.04.26"]
[Round "1.60"]
[White "Reeh, Axel"]
[Black "Paus, Franz"]
[Result "0-1"]
[BlackElo "2041"]
[BlackTeam "Schachfüchse Kempen"]
[EventDate "2019.??.??"]
[PlyCount "70"]
[WhiteElo "1694"]
[WhiteTeam "Bremer SG"]

1. d4 Nf6 2. c4 e6 3. Nc3 c5 4. d5 exd5 5. cxd5 d6 6. Nf3 Be7 7. e4 O-O 8. h3
Bd7 9. Bf4 Re8 10. Bd3 b5 11. O-O b4 12. Ne2 Nh5 13. Bh2 g6 14. e5 Qb6 15. Bc4
Bb5 16. Bxb5 Qxb5 17. Re1 Nd7 18. exd6 Bf6 19. Rb1 Bg7 20. Nf4 Nxf4 21. Bxf4
Qc4 22. Rxe8+ Rxe8 23. Be3 Qa6 24. Bf4 Bf8 25. Qc2 Qxa2 26. Rd1 Qa6 27. Ne5
Nxe5 28. Bxe5 Rxe5 29. d7 Qd6 30. Qc4 Qxd7 31. f4 Re8 32. g4 Bd6 33. Rf1 Qe7
34. Qb5 Qe3+ 35. Rf2 Bxf4  0-1

[Event "31. DSenEM2019 Gruppe 65+"]
[Site "Radebeul"]
[Date "2019.04.26"]
[Round "1.61"]
[White "Sand, Rolf"]
[Black "Scharff, Jürgen"]
[Result "1-0"]
[BlackElo "1693"]
[BlackTeam "SV Opladen"]
[EventDate "2019.??.??"]
[PlyCount "111"]
[WhiteElo "2024"]
[WhiteTeam "SF Pfullingen"]

1. d4 e6 2. c4 d5 3. Nf3 Nf6 4. g3 Be7 5. Bg2 c6 6. O-O Nbd7 7. Qc2 Nf8 8. Nbd2
Ng6 9. e4 dxe4 10. Nxe4 O-O 11. Rd1 Qc7 12. b3 Rd8 13. Bb2 Nxe4 14. Qxe4 Bf6
15. Ne5 Be7 16. f4 Nf8 17. c5 Bd7 18. a4 Rab8 19. Ba3 Be8 20. Nc4 Nd7 21. f5
Nf6 22. Qe5 Nd5 23. fxe6 Qxe5 24. exf7+ Bxf7 25. Nxe5 Ne3 26. Nxf7 Kxf7 27. Rd3
Nxg2 28. Kxg2 Bf6 29. Bb2 Rd5 30. a5 a6 31. b4 Re8 32. Rf1 Re4 33. Rf4 Re2+ 34.
Rf2 Re4 35. Kf1 Re7 36. Re2 Red7 37. Re4 h6 38. Kf2 Kg6 39. Rd2 Rf7 40. Ke2
Rfd7 41. Rd1 Kh5 42. Kd3 Re7 43. Rf1 Kg6 44. Rxe7 Bxe7 45. Bc1 Bf6 46. Be3 Kh5
47. Rf4 Kg6 48. Re4 Kf7 49. Bf4 Kg6 50. Be5 h5 51. Bxf6 Kxf6 52. Rf4+ Ke6 53.
Ke4 g5 54. Rf8 Ke7 55. Rh8 Kd7 56. Rxh5  1-0

[Event "31. DSenEM2019 Gruppe 65+"]
[Site "Radebeul"]
[Date "2019.04.26"]
[Round "1.62"]
[White "Meißner, Werner"]
[Black "Glasewald, Stefan"]
[Result "1/2-1/2"]
[BlackElo "2018"]
[BlackTeam "SV Dresden-Striesen"]
[EventDate "2019.??.??"]
[PlyCount "33"]
[WhiteElo "1665"]
[WhiteTeam "SV TuR Dresden"]

1. e4 c5 2. c3 d5 3. exd5 Qxd5 4. d4 e5 5. dxe5 Qxe5+ 6. Qe2 Qxe2+ 7. Bxe2 Bd7
8. Bf4 Nf6 9. Nd2 Be7 10. Ngf3 O-O 11. Ne5 Be6 12. Bf3 Bd5 13. Rd1 Rd8 14. O-O
Bxf3 15. Ndxf3 Nd5 16. Bg3 f6 17. Nc4  1/2-1/2

[Event "31. DSenEM2019 Gruppe 65+"]
[Site "Radebeul"]
[Date "2019.04.26"]
[Round "1.63"]
[White "Seidel, Arnold"]
[Black "Wawrinsky, Ludwig"]
[Result "1-0"]
[BlackElo "1676"]
[BlackTeam "SK Neuperlach"]
[EventDate "2019.??.??"]
[PlyCount "107"]
[WhiteElo "2018"]
[WhiteTeam "Kali Wolmirstedt"]

1. e4 e6 2. d4 b6 3. c4 Bb7 4. d5 d6 5. Bd3 e5 6. f4 exf4 7. Bxf4 g6 8. Nf3 Bg7
9. Nc3 Nf6 10. O-O O-O 11. Bg5 Nbd7 12. Qd2 Re8 13. Rae1 a6 14. h3 Qc8 15. Nd4
h5 16. Nc6 Kh7 17. Qf4 Bxc6 18. dxc6 Ne5 19. Bc2 Ng8 20. Nd5 Re6 21. Qh4 Bh6
22. g4 Bxg5 23. Qxg5 Qd8 24. Qxd8 Rxd8 25. Nxc7 Rf6 26. Nd5 Rxf1+ 27. Rxf1 Kg7
28. c7 Rc8 29. Ba4 Kf8 30. b3 Ne7 31. Nxb6 Rxc7 32. Rd1 a5 33. Rxd6 Nxg4 34.
Nd7+ Kg7 35. Ra6 f6 36. Rxa5 Nc6 37. Bxc6 Rxc6 38. Nc5 Ne5 39. Ra7+ Kg8 40. Nd7
Nf3+ 41. Kf2 Ng5 42. Ke3 Re6 43. Nc5 Re5 44. b4 Nxe4 45. Nxe4 f5 46. Kd3 fxe4+
47. Ke3 Re8 48. c5 g5 49. Rd7 g4 50. Rd5 Ra8 51. Rg5+ Kf7 52. hxg4 hxg4 53.
Rxg4 Rxa2 54. Rxe4  1-0

[Event "31. DSenEM2019 Gruppe 65+"]
[Site "Radebeul"]
[Date "2019.04.26"]
[Round "1.64"]
[White "Baumast, Bernd"]
[Black "Zimmermann, Manfred"]
[Result "0-1"]
[BlackElo "1968"]
[BlackTeam "Kieler SG"]
[EventDate "2019.??.??"]
[PlyCount "43"]
[WhiteElo "1534"]
[WhiteTeam "SV Bad Oldesloe"]

1. b4 e5 2. Bb2 Bxb4 3. Bxe5 Nf6 4. c3 Ba5 5. Nf3 Nc6 6. e3 d6 7. Bg3 O-O 8. Bd3
Bg4 9. h3 Bh5 10. Be2 Ne4 11. Bh4 Qd7 12. g4 Bg6 13. O-O Kh8 14. Na3 f5 15. Ng5
Ne5 16. Nc4 Nxc4 17. Bxc4 d5 18. Bb3 fxg4 19. Nxe4 Bxe4 20. hxg4 Bf3 21. Qc2
Qxg4+ 22. Bg3  0-1

[Event "31. DSenEM2019 Gruppe 65+"]
[Site "Radebeul"]
[Date "2019.04.26"]
[Round "1.65"]
[White "Hoose, Hannelore"]
[Black "Petzold, Hans"]
[Result "0-1"]
[BlackElo "2017"]
[BlackTeam "USV TU Dresden"]
[EventDate "2019.??.??"]
[PlyCount "58"]
[WhiteElo "1674"]
[WhiteTeam "SC Vahr"]

1. e4 e5 2. Nf3 Nc6 3. Bc4 Nf6 4. Ng5 d5 5. exd5 Na5 6. Bb5+ c6 7. dxc6 bxc6 8.
Be2 h6 9. Nf3 e4 10. Ne5 Qd4 11. f4 Bc5 12. Rf1 Bb6 13. c3 Qd6 14. d4 exd3 15.
Qxd3 Qe6 16. Nc4 O-O 17. Nxa5 Bxa5 18. Qe3 Qd6 19. Qd2 Qc7 20. Rf3 Bg4 21. Re3
Qxf4 22. Bxg4 Nxg4 23. Rf3 Rfe8+ 24. Kd1 Qxh2 25. Kc2 Rad8 26. Rd3 Rxd3 27.
Qxd3 Qxg2+ 28. Bd2 Rd8 29. Qc4 Ne3+  0-1

[Event "31. DSenEM2019 Gruppe 65+"]
[Site "Radebeul"]
[Date "2019.04.26"]
[Round "1.66"]
[White "Schmidt, Jörg"]
[Black "Fauth, Frank"]
[Result "1/2-1/2"]
[Annotator "lenovo"]
[BlackElo "1671"]
[BlackTeam "SV Jena"]
[EventDate "2019.??.??"]
[PlyCount "44"]
[WhiteElo "2016"]
[WhiteTeam "Aufbau Bernburg"]

1. e4 d5 2. exd5 Qxd5 3. Nf3 Bg4 4. Be2 Nf6 5. d4 e6 6. O-O c6 7. c4 Qa5 8. Nc3
Bb4 9. Qb3 Nbd7 10. a3 Bxc3 11. bxc3 Qb6 12. Qc2 Bf5 13. Bd3 Bxd3 14. Qxd3 O-O
15. Bf4 Rfe8 16. c5 Qd8 17. Qc4 b6 18. cxb6 Nxb6 19. Qb3 Qd5 20. Qb4 Nfd7 21.
Rfd1 c5 22. dxc5 Qxc5 { ( = )}   1/2-1/2

[Event "31. DSenEM2019 Gruppe 65+"]
[Site "Radebeul"]
[Date "2019.04.26"]
[Round "1.67"]
[White "Portsch, Claudius"]
[Black "Haase, Wolfgang"]
[Result "1/2-1/2"]
[BlackElo "2013"]
[BlackTeam "SVG Caissa Kassel"]
[EventDate "2019.??.??"]
[PlyCount "0"]
[WhiteElo "1659"]
[WhiteTeam "BSV Chemie Radebeul"]

1. e4 c5 2. Nf3 g6 3. c3 Bg7 4. d4 Qc7 5. Bg5 d6 6. Bb5+ Nd7 7. Nbd2 a6 8. Bd3
e5 9. O-O f6 10. Be3 Nh6 11. h3 Nf8 12. dxe5 dxe5 13. Bc4 Be6 14. Qb3 Bxc4
15. Qxc4 Rc8 16. Nb3 b5 17. Qxc5 Ne6 18. Qxc7 Rxc7 19. Rad1 Nf7 20. Rd2 f5 21.
exf5 gxf5 22. Rfd1 f4 23. Bb6 Rc6 24. Ba5 O-O 25. Rd5 Re8 26. Bb4 Nf8 27.
Nc5 Ng6 28. Ne4 h6 29. Nd6 Nxd6 30. Rxd6 Ne7 31. Rd7 Re6 32. Kf1 Nc6 33. Bc5
Bf6 34. R7d6 Kf7 35. Rxe6 Rxe6 36. Re1 Na5 37. Nd2 Nb7 38. Ba7 Nd6 39. Bb8 Nb7
40. Ne4 Be7 41. Rd1 Na5 42. Rd5 Nc6 43. Bc7 Bf8 44. Bd6 Bxd6 45. Rxd6 Rxd6 46.
Nxd6+ Ke6 47. Ne4 Kd5 48. f3 Ne7 49. b3 Nf5 50. Nd2 Ne3+ 51. Kg1 h5 52. Ne4 h4
53. Kf2 a5 54. Nf6+ Ke6 55. Ne4 Kd5  1/2-1/2

[Event "31. DSenEM2019 Gruppe 65+"]
[Site "Radebeul"]
[Date "2019.04.26"]
[Round "1.68"]
[White "Biller, Helmut"]
[Black "Mortensen, Manfred"]
[Result "1-0"]
[BlackElo "1657"]
[BlackTeam "BSV Chemie Radebeul"]
[EventDate "2019.??.??"]
[PlyCount "93"]
[WhiteElo "2010"]
[WhiteTeam "SF Frankfurt"]

1. d4 d5 2. Nf3 e6 3. c4 Nf6 4. g3 h6 5. Bg2 Bd7 6. O-O dxc4 7. Ne5 c6 8. Nc3
Nd5 9. Nxc4 Be7 10. e4 Nf6 11. e5 Nd5 12. Qg4 Nxc3 13. bxc3 g5 14. Qh5 b5 15.
Ne3 Kf8 16. f4 Be8 17. f5 f6 18. Qf3 exf5 19. Nxf5 Kf7 20. Nxe7 Qxe7 21. Qxf6+
Qxf6 22. Rxf6+ Kg7 23. a4 bxa4 24. Rxa4 Rf8 25. Rxf8 Kxf8 26. Ra5 Ke7 27. Ba3+
Kd7 28. c4 Kc7 29. Bb2 Kb6 30. Ra3 a5 31. d5 Kc5 32. e6 Kxc4 33. d6 Ra7 34. d7
Bxd7 35. exd7 Rxd7 36. Rxa5 Rd1+ 37. Bf1+ Kb4 38. Ra8 Nd7 39. Rh8 Rd6 40. Bg7
g4 41. Rxh6 Rxh6 42. Bxh6 Ne5 43. Be2 c5 44. Bg7 Nf3+ 45. Bxf3 gxf3 46. h4 Kc4
47. Be5  1-0

[Event "31. DSenEM2019 Gruppe 65+"]
[Site "Radebeul"]
[Date "2019.04.26"]
[Round "1.69"]
[White "Huber, Helmut"]
[Black "Gerhardt, Peter-Michael"]
[Result "0-1"]
[BlackElo "2010"]
[BlackTeam "SC Vahr"]
[EventDate "2019.??.??"]
[PlyCount "114"]
[WhiteElo "1652"]
[WhiteTeam "Brackweder SK"]

1. d4 Nf6 2. Nf3 g6 3. c4 c5 4. e3 Bg7 5. Nc3 O-O 6. Be2 b6 7. O-O d6 8. Rb1 Bb7
9. dxc5 bxc5 10. Nd2 Nc6 11. Bf3 Qd7 12. b3 Rab8 13. Bb2 Ne5 14. Bxb7 Qxb7 15.
Qc2 Nc6 16. Qd1 Nb4 17. Nf3 Ne4 18. Nxe4 Qxe4 19. Bxg7 Kxg7 20. Qd2 a5 21. Qc3+
f6 22. Qd2 a4 23. Rfd1 axb3 24. axb3 Ra8 25. Ra1 g5 26. Ne1 Rxa1 27. Rxa1 Ra8
28. Rxa8 Qxa8 29. Qd1 Qa2 30. h3 Qb2 31. f4 h6 32. Kh2 Qc3 33. Qe2 Qxb3 34. f5
Qb1 35. e4 Nc6 36. Nd3 Nd4 37. Qh5 Qxd3 38. Qg6+ Kf8 39. Qxh6+ Ke8 40. Qh8+ Kd7
41. Qa8 Qxc4 42. Qb7+ Ke8 43. Qc8+ Kf7 44. Qh8 Nc6 45. Qh5+ Kf8 46. Qh6+ Ke8
47. Qh8+ Kd7 48. Qa8 Qxe4 49. Qb7+ Ke8 50. g4 Qe2+ 51. Kg3 Nd4 52. Qc8+ Kf7 53.
Qd7 Qf3+ 54. Kh2 c4 55. Qc8 d5 56. Qh8 Qf2+ 57. Kh1 Qh4  0-1

[Event "31. DSenEM2019 Gruppe 65+"]
[Site "Radebeul"]
[Date "2019.04.26"]
[Round "1.70"]
[White "Staub, Gerhard"]
[Black "Grube, Kurt"]
[Result "1-0"]
[BlackElo "1594"]
[BlackTeam "SG Osnabrück"]
[EventDate "2019.??.??"]
[PlyCount "79"]
[WhiteElo "2010"]
[WhiteTeam "SV Schwaikheim"]

1. e4 e5 2. Nf3 Nc6 3. Bb5 a6 4. Bxc6 dxc6 5. Nc3 Bd6 6. d4 Bg4 7. dxe5 Bxf3 8.
Qxf3 Bxe5 9. Bf4 Qf6 10. Bxe5 Qxe5 11. Qe3 Nf6 12. O-O-O O-O 13. h3 b5 14. f3
a5 15. Ne2 c5 16. g4 c6 17. g5 Nd5 18. Qxc5 Qe8 19. Nd4 Ne7 20. Rd3 Rc8 21.
Rhd1 b4 22. h4 Ng6 23. Nf5 Qe5 24. Qxe5 Nxe5 25. Ne7+ Kh8 26. Nxc8 Nxd3+ 27.
Rxd3 Rxc8 28. Rd7 Kg8 29. Ra7 Kf8 30. Rxa5 Ke7 31. Ra7+ Ke6 32. a4 h5 33. a5 c5
34. a6 Rc6 35. Kd2 c4 36. Ke3 g6 37. f4 Rd6 38. Ra8 Ke7 39. a7 Ra6 40. f5  1-0

[Event "31. DSenEM2019 Gruppe 65+"]
[Site "Radebeul"]
[Date "2019.04.26"]
[Round "1.71"]
[White "Rudolph, Karl-Heinz"]
[Black "Zschunke, Werner"]
[Result "0-1"]
[BlackElo "2002"]
[BlackTeam "SK Schweinfurt"]
[EventDate "2019.??.??"]
[PlyCount "54"]
[WhiteElo "1642"]
[WhiteTeam "SV Irxleben"]

1. e4 c5 2. Nf3 d6 3. d4 cxd4 4. Nxd4 Nf6 5. Nc3 a6 6. a4 e5 7. Nb3 Be6 8. Bg5
Be7 9. Be2 Nbd7 10. Qd2 h6 11. Be3 Nb6 12. Na5 Qc7 13. O-O O-O 14. Kh1 Rfd8 15.
f4 d5 16. exd5 Nbxd5 17. f5 Nf4 18. Qc1 Bxf5 19. Nb3 Nxe2 20. Nxe2 Qxc2 21.
Bxh6 gxh6 22. Qxh6 Bg6 23. Nbc1 Rd1 24. Ng3 Rxf1+ 25. Nxf1 Qd1 26. Nb3 Qxb3 27.
Ra3 Bxa3  0-1

[Event "31. DSenEM2019 Gruppe 65+"]
[Site "Radebeul"]
[Date "2019.04.26"]
[Round "1.72"]
[White "Kahn, Peter"]
[Black "Richter, Stefan"]
[Result "1-0"]
[BlackElo "1631"]
[BlackTeam "SZ Langenberg"]
[EventDate "2019.??.??"]
[PlyCount "63"]
[WhiteElo "1994"]
[WhiteTeam "Siebenlehner SV"]

1. e4 b6 2. d4 Bb7 3. Nc3 e6 4. Nf3 a6 5. Bd3 h6 6. O-O d6 7. Be3 Nd7 8. Ne2
Ngf6 9. Ng3 Be7 10. h3 Nh7 11. Nh5 O-O 12. Qd2 Ng5 13. Nxg5 Bxg5 14. f4 Be7 15.
c3 Nf6 16. Nxf6+ Bxf6 17. e5 Be7 18. Bc2 f5 19. exf6 Rxf6 20. f5 exf5 21. Bxf5
Bc8 22. Bc2 Be6 23. Qd3 Kf7 24. d5 Bd7 25. Bd4 Qg8 26. Qg6+ Kf8 27. Bxf6 gxf6
28. Rxf6+ Bxf6 29. Qxf6+ Qf7 30. Qh8+ Qg8 31. Rf1+ Ke7 32. Qf6+  1-0